Szczegóły MARC21

Rynek materiałów /

003 -Nazwa inst., której nr kontr. jest w polu 001 [,]
    • @
    • Nazwa instytucji, której n kontrolny jest w polu 001
    • NUKAT
005 -DATA I CZAS OSTATNIEJ MODYFIKACJI [,]
    • @
    • pole kontrolne
    • 20241231100614.0
020 -Międzynarod. znormalizowany nr książki - ISBN [ , ]
    • a
    • Numer ISBN
    • 8320808669 Find
040 -Instytucja sporządzająca opis [ , ]
    • a
    • Instytucja, która sporządziła opis (NP)
    • GD U/AEK
    • c
    • Instytucja, która sporządziła rekord (NP)
    • GD U/AEK
    • d
    • Instytucja, która zmodyfikowała rekord (P)
    • GD U/as
    • d
    • Instytucja, która zmodyfikowała rekord (P)
    • GD U/AEKs
942 -Rodzaj dokumentu [ , ]
    • c
    • Rodzaj dokumentu
    • Książka
100 -Hasło główne - nazwa osobowa [1, ]
    • a
    • Nazwa osobowa (NP)
    • Wojciechowski, Tadeusz
    • d
    • Daty biograficzne (NP)
    • (1925- ).
    • 9
    • KHW
    • 1692
245 -Strefa tytułu i oznaczenia odpowiedzialności [1,0]
    • a
    • Tytuł
    • Rynek materiałów / Find
    • c
    • Pozostałe elementy strefy tytułu i oznaczenia odpowiedzialności (NP)
    • Tadeusz Wojciechowski.
260 -Strefa adresu wydawniczego [ , ]
    • a
    • Miejsce wydania (P)
    • Warszawa :
    • b
    • Nazwa wydawcy (P)
    • Państwowe Wydaw. Ekonomiczne,
    • c
    • Data wydania (P)
    • 1992.
300 -Strefa opisu fizycznego [ , ]
    • a
    • Określenie formy książki i/lub objętość (NP)
    • 221 s. :
    • b
    • Oznaczenie ilustracji (NP)
    • rys. ;
    • c
    • Format (NP)
    • 21 cm.
336 -Typ zawartości [ , ]
    • a
    • Termin opisujący typ zawartości
    • Tekst
    • b
    • Kod określający zawartość
    • txt
    • 2
    • Źródło (terminu i kodu)
    • rdacontent
337 -Typ mediów [ , ]
    • a
    • Tryb odtwarzania
    • Bez urządzenia pośredniczącego
    • b
    • Kod typu mediów
    • n
    • 2
    • Źródło (terminu i kodu)
    • rdamedia
338 -Typ/rodzaj nośnika [ , ]
    • a
    • Hasło opisujące typ nośnika
    • Wolumin
    • b
    • Kod typu nośnika
    • nc
    • 2
    • Źródło (terminu i kodu)
    • rdacarrier
504 -Uwaga dot. bibliogr. załącznikowej [ , ]
    • a
    • Uwaga dot. bibliografii załącznikowej
    • Bibliogr. s. 221-[222].
080 -Uniwersalna Klasyfikacja Dziesiętna [ , ]
    • a
    • Symbol klasyfikacji
    • 339.166
    • 9
    • UKD
    • 3300
    • 2
    • Identyfikator wydania tablic
    • UDC-P058
    • b
    • Dopowiedzenie
    • Handel według grup towarowych. Handel surowcami, półfabrykatami i wyrobami gotowymi.
080 -Uniwersalna Klasyfikacja Dziesiętna [ , ]
    • a
    • Symbol klasyfikacji
    • :338.242.4
650 -Hasło przedmiotowe [ ,7]
    • a
    • Hasło przedmiotowe
    • Surowce
    • x
    • Określnik rzeczowy
    • polityka publiczna
    • z
    • Określnik geograficzny
    • Polska
    • v
    • Określnik formalny
    • podręczniki akademickie.
    • 2
    • Źródło terminu
    • kaba
    • 9
    • KHW
    • 538462
650 -Hasło przedmiotowe [ ,7]
    • a
    • Hasło przedmiotowe
    • Surowce
    • x
    • Określnik rzeczowy
    • zarządzanie
    • v
    • Określnik formalny
    • podręczniki akademickie.
    • 2
    • Źródło terminu
    • kaba
    • 9
    • KHW
    • 538461
980 -Symbol UKD [ , ]
    • a
    • UKD
    • 339.166:338.242.4
710 -Hasło dodatkowe - nazwa ciała zbiorowego [2, ]
    • a
    • Nazwa ciała zbiorowego lub nazwa geograficzna jako pierwszy element (NP)
    • Państwowe Wydawnictwo Ekonomiczne.
    • 4
    • Kod relacji
    • pbl
    • 9
    • KHW
    • 56286
920 -ISBN [ , ]
    • a
    • ISBN
    • 83-208-0866-9 Find
Data inwentaryzacji Lokalizacja Status udost. Numer inwentarzowy
1994-02-28BE-3E.61686
1994-02-28BE-3S.75496
1994-02-28T-11TS.75497